[Event "15th Deltalift Open 2018"]
[Site "Halmstad"]
[Date "2018.05.10"]
[Round "4"]
[White "Bellon Lopez, Juan Manuel"]
[Black "Jogstad, Daniel"]
[Result "1-0"]
[WhiteElo "2344"]
[BlackElo "2028"]
[Annotator "NA RC"]
[PlyCount "103"]
[EventDate "2018.??.??"]
[EventType "swiss"]
[EventCountry "SWE"]
[SourceTitle "playchess.com"]
[Source "ChessBase"]
[SourceQuality "1"]
[TimeControl "1800+12"]

1. d4 {[%emt 0:00:00]} Nf6 {[%emt 0:00:01]} 2. Bg5 {[%emt 0:00:00]} Ne4 3. Bf4 c5 {[%emt 0:00:48]} 4. d5 {[%emt 0:00:00]} Qb6 {[%emt 0:03:18]} 5. Nd2 {[%emt 0:00:00]} Nxd2 {[%emt 0:00:34]} 6. Bxd2 {[%emt 0:00:00]} d6 {[%emt 0:00:12] A45: Trompowsky Attack} (6... e5 7. e4 d6 8. a4 g6 9. h4 Nd7 10. h5 Bg7 11. a5 Qd8 12. Ne2 Nf6 13. Ng3 O-O 14. Be2 {1-0 (41) Barbosa,O (2545)-Perez,M (2399) chess.com INT 2018}) 7. e4 {[%emt 0:00:49]} Nd7 {[%emt 0:01:13] LiveBook: 3 Games} 8. Bc3 {[%emt 0:00:25]} Nf6 {[%emt 0:00:18]} 9. Qd3 {[%emt 0:00:52]} g6 {[%emt 0:01:07]} 10. Bxf6 $146 {[%emt 0:00:34]} ({Predecessor:} 10. Nf3 Bg7 11. Nd2 O-O 12. Be2 Qc7 13. f4 Rb8 14. a4 {½-½ (27) Povah,N (2295)-Malisov,B (2240) Acqui Terme 2017}) 10... exf6 {[%emt 0:00:03]} 11. Qb5+ {[%emt 0:00:09]} Qxb5 {[%emt 0:00:06]} 12. Bxb5+ {[%emt 0:00:02]} Kd8 {[%emt 0:00:10]} 13. Bd3 {[%emt 0:00:04]} Bg7 {[%emt 0:00:19]} 14. O-O-O {[%emt 0:01:52]} Re8 {[%emt 0:00:03]} 15. c4 {[%emt 0:02:28]} a6 {[%emt 0:01:14]} 16. h4 {[%emt 0:01:33]} h5 {[%emt 0:03:07]} 17. f3 {[%emt 0:00:38]} Bd7 {[%emt 0:00:53]} 18. Ne2 {[%emt 0:00:06]} b5 {[%emt 0:00:11]} 19. Nc3 {[%emt 0:00:08]} bxc4 {[%emt 0:03:30]} 20. Bxc4 {[%emt 0:00:02]} f5 {[%emt 0:00:03]} 21. Bd3 {[%emt 0:01:01]} f4 {[%emt 0:00:04]} 22. Kc2 {[%emt 0:01:28]} Ke7 {[%emt 0:00:57]} 23. b3 {[%emt 0:00:29]} Reb8 {[%emt 0:00:10]} 24. Rb1 {[%emt 0:00:41]} Rb6 {[%emt 0:02:23]} 25. Bc4 {[%emt 0:02:04]} Bb5 {[%emt 0:02:03]} 26. a3 {[%emt 0:08:48]} Rab8 {[%emt 0:01:33]} 27. Kd3 {[%emt 0:00:42]} Be5 {[%emt 0:01:11]} 28. Rhc1 {[%emt 0:01:20]} Bxc3 {[%emt 0:01:24]} 29. Kxc3 {[%emt 0:00:28]} Bxc4 {[%emt 0:00:03]} 30. Kxc4 {[%emt 0:00:02]} a5 {[%emt 0:00:04]} 31. Rc2 {[%emt 0:02:18]} Kf6 {[%emt 0:00:03]} 32. Rcb2 {[%emt 0:00:28]} Ke5 {[%emt 0:00:53]} 33. b4 {[%emt 0:01:24]} axb4 {[%emt 0:00:01]} 34. axb4 {[%emt 0:00:01]} Rxb4+ {[%emt 0:00:01]} 35. Rxb4 {[%emt 0:00:01]} Rxb4+ {[%emt 0:00:01]} 36. Rxb4 cxb4 37. Kxb4 {[%emt 0:00:14]} f6 {[%emt 0:00:13]} 38. Kb5 {[%emt 0:00:30]} f5 {[%emt 0:02:37]} 39. Kc6 {[%emt 0:00:35]} fxe4 {[%emt 0:00:03]} 40. fxe4 {[%emt 0:00:01]} g5 {[%emt 0:00:01]} 41. hxg5 {[%emt 0:00:17]} h4 {[%emt 0:00:01]} 42. g6 {[%emt 0:00:06]} Kf6 {[%emt 0:00:07]} 43. e5+ {[%emt 0:00:10]} Kxg6 {[%emt 0:01:30]} 44. e6 $18 {[%emt 0:00:26]} Kf6 {[%emt 0:00:40]} 45. Kxd6 {[%emt 0:00:29]} f3 {[%emt 0:01:17]} 46. gxf3 {[%emt 0:00:01]} h3 {[%emt 0:00:06]} 47. e7 {[%emt 0:00:00]} h2 {[%emt 0:00:03]} 48. e8=Q {[%emt 0:00:03]} h1=Q {[%emt 0:00:02]} 49. Qe5+ {[%emt 0:00:26]} Kg6 {[%emt 0:00:39]} 50. Qe4+ {[%emt 0:00:09]} Kg7 {[%emt 0:00:13]} 51. Kd7 {[%emt 0:00:37]} Qh3+ {[%emt 0:00:21]} 52. Qg4+ {[%emt 0:00:04]} 1-0

[Event "15th Deltalift Open 2018"]
[Site "Halmstad"]
[Date "2018.05.10"]
[Round "4"]
[White "Pantzar, Milton"]
[Black "Svorono, Gabriel"]
[Result "1-0"]
[WhiteElo "2333"]
[BlackElo "2113"]
[Annotator "TA"]
[PlyCount "67"]
[EventDate "2018.??.??"]
[EventType "swiss"]
[EventCountry "SWE"]
[SourceTitle "playchess.com"]
[Source "ChessBase"]
[SourceQuality "1"]

{[%evp 11,67,22,22,25,12,21,31,8,22,23,50,23,50,46,58,56,73,26,24,28,71,-7,-20,-18,-22,-38,-28,-40,0,0,0,0,123,119,166,158,166,167,167,166,164,151,199,219,221,226,222,193,201,202,370,386,385,383,402,393,395,396]} 1. d4 e6 2. e4 d5 3. exd5 exd5 4. Nf3 Bd6 5. Bd3 Ne7 6. O-O O-O {LiveBook: 74 Games} 7. b3 {C01: French: Exchange Variation} Bf5 8. c4 {Black must now prevent c5.} c6 9. Nc3 {White is slightly better.} Bxd3 10. Qxd3 Nd7 11. Bg5 f6 12. Bd2 Re8 13. Rfe1 Nf8 {[#]} 14. g3 $146 ({Predecessor:} 14. Re2 Bb4 15. Rae1 Bxc3 16. Qxc3 Qd7 17. Qa5 Kf7 18. Bb4 {½-½ (18) Ponomariov,R (2697)-Stupak,K (2541) Batumi 2018}) 14... Qd7 15. Re2 a6 16. Na4 ({White should try} 16. Rae1 $16) 16... Qf5 $11 17. Qxf5 Nxf5 18. Rae1 Rxe2 19. Rxe2 b5 20. Nb6 Rb8 {Threatens to win with ...bxc4.} 21. c5 $36 {[%mdl 2048] White is pushing.} Bc7 (21... Nxd4 $11 {keeps the balance.} 22. Nxd4 Bxc5) 22. g4 $16 Nh6 {[#]} 23. Bxh6 $1 gxh6 {[#]} 24. Nh4 $1 Bxb6 25. cxb6 Rxb6 $18 {[%mdl 4096] Endgame KRN-KRN} 26. Nf5 Ng6 27. Nxh6+ Kf8 28. Re6 Kg7 29. Nf5+ Kf7 30. Rd6 b4 $2 (30... Nf8 {was necessary.} 31. Rd8 Ne6 32. Rd7+ Kg8) 31. Rd7+ {White is winning.} Kg8 32. h4 {[%cal Bh2h4,Bh4h5,Bh5h6][%mdl 32]} Rb8 33. h5 Nf4 34. h6 {Precision: White = 77%, Black = 59%.} 1-0

[Event "15th Deltalift Open 2018"]
[Site "Halmstad"]
[Date "2018.05.10"]
[Round "4"]
[White "Hobber, Anders"]
[Black "Sjodahl, Pontus"]
[Result "0-1"]
[WhiteElo "2320"]
[BlackElo "2404"]
[Annotator "RC"]
[PlyCount "86"]
[EventDate "2018.??.??"]
[EventType "swiss"]
[EventCountry "SWE"]
[SourceTitle "playchess.com"]
[Source "ChessBase"]
[SourceQuality "1"]
[TimeControl "1800+12"]

1. d4 {[%emt 0:00:00]} Nf6 {[%emt 0:00:04]} 2. Bf4 {[%emt 0:00:00]} d5 {[%emt 0:00:09]} 3. e3 {[%emt 0:00:08]} c5 {[%emt 0:00:12]} 4. c3 {[%emt 0:00:12]} Nc6 {[%emt 0:00:35]} 5. Nd2 {[%emt 0:00:05]} cxd4 {[%emt 0:01:31]} 6. exd4 {[%emt 0:00:05]} e6 {[%emt 0:00:02]} 7. Bd3 {[%emt 0:00:43]} Bd7 {[%emt 0:01:15]} 8. h3 {[%emt 0:00:54]} Be7 {[%emt 0:01:14]} 9. Ngf3 {[%emt 0:00:04]} Rc8 {[%emt 0:01:22]} 10. O-O {[%emt 0:00:08]} O-O {[%emt 0:00:38]} 11. Re1 {[%emt 0:01:00]} a6 {[%emt 0:00:22]} 12. a4 {[%emt 0:00:07]} Be8 {[%emt 0:04:09]} 13. Qe2 {[%emt 0:00:28]} Nh5 {[%emt 0:02:33]} 14. Bh2 {[%emt 0:00:10]} g6 {[%emt 0:00:09]} 15. Ne5 {[%emt 0:01:44]} Ng7 {[%emt 0:01:33]} 16. Bf4 {[%emt 0:00:40]} g5 {[%emt 0:01:00]} 17. Be3 {[%emt 0:00:48]} f6 {[%emt 0:00:23]} 18. Nxc6 {[%emt 0:00:17]} Rxc6 {[%emt 0:00:11]} 19. f4 {[%emt 0:00:09]} gxf4 {[%emt 0:03:09]} 20. Bxf4 {[%emt 0:00:04]} Bh5 {[%emt 0:00:46]} 21. Qe3 {[%emt 0:00:36]} Kh8 {[%emt 0:00:18]} 22. Rf1 {[%emt 0:02:34]} Qe8 {[%emt 0:00:48]} 23. Bh6 {[%emt 0:02:55]} Rg8 {[%emt 0:00:38]} 24. c4 {[%emt 0:01:26]} dxc4 {[%emt 0:00:49]} 25. Bxc4 {[%emt 0:00:16]} Bd8 {[%emt 0:02:32]} 26. Rae1 {[%emt 0:05:36]} Qd7 {[%emt 0:02:39]} 27. Kh1 {[%emt 0:02:21]} Bf7 {[%emt 0:00:40]} 28. Bxg7+ {[%emt 0:00:26]} Rxg7 {[%emt 0:00:07]} 29. b3 {[%emt 0:01:15]} Rd6 {[%emt 0:01:34]} 30. Ne4 {[%emt 0:00:20]} Rxd4 {[%emt 0:00:13]} 31. Nxf6 {[%emt 0:00:35]} Qd6 {[%emt 0:00:53]} 32. Ne4 {[%emt 0:04:14]} Qe5 {[%emt 0:00:03]} 33. Rd1 {[%emt 0:02:22]} Bc7 {[%emt 0:00:31]} 34. Qg1 {[%emt 0:02:05]} Rxd1 {[%emt 0:00:56]} 35. Rxd1 {[%emt 0:00:05]} Qxe4 {[%emt 0:00:03]} 36. Qf2 {[%emt 0:00:28]} Qe5 {[%emt 0:00:18]} 37. g4 {[%emt 0:00:10]} h5 {[%emt 0:01:33]} 38. Rd7 {[%emt 0:00:25]} Bg8 {[%emt 0:00:30]} 39. Rxg7 {[%emt 0:00:31]} Kxg7 {[%emt 0:00:02]} 40. gxh5 {[%emt 0:00:07]} Bh7 {[%emt 0:00:30]} 41. h6+ {[%emt 0:00:13]} Kg8 {[%emt 0:00:26]} 42. Qg2+ {[%emt 0:00:51]} Kf7 {[%emt 0:00:03]} 43. Qf2+ {[%emt 0:00:23]} Qf4 {[%emt 0:00:09]} 0-1

[Event "15th Deltalift Open 2018"]
[Site "Halmstad"]
[Date "2018.05.10"]
[Round "4"]
[White "Johansson, Mikael"]
[Black "Linusson, Pelle"]
[Result "0-1"]
[WhiteElo "2284"]
[BlackElo "2211"]
[Annotator "NA"]
[PlyCount "64"]
[EventDate "2018.??.??"]
[EventType "swiss"]
[EventCountry "SWE"]
[SourceTitle "playchess.com"]
[Source "ChessBase"]
[SourceQuality "1"]
[TimeControl "1800+12"]

1. d4 {[%emt 0:00:00]} Nf6 {[%emt 0:00:04]} 2. c4 {[%emt 0:00:00]} g6 {[%emt 0:00:03]} 3. Nf3 {[%emt 0:00:00]} Bg7 {[%emt 0:00:10]} 4. g3 {[%emt 0:00:08]} c6 {[%emt 0:00:09] LiveBook: 1133 Games} 5. Bg2 {[%emt 0:00:04]} d5 {[%emt 0:00:03]} 6. O-O {[%emt 0:00:16]} O-O {[%emt 0:00:15]} 7. Nc3 {[%emt 0:00:11]} dxc4 {[%emt 0:00:43]} 8. e4 {[%emt 0:03:20]} b5 {[%emt 0:02:59]} 9. e5 {[%emt 0:00:13] D78: Fianchetto Grünfeld: 6 0-0 c6} (9. Qe2 b4 10. Nd1 a5 11. Re1 Ba6 12. Qc2 c5 13. e5 Nd5 14. Ne3 cxd4 15. Nxd4 Bb7 16. f4 Nc6 17. Qxc4 Nxd4 18. Qxd4 Nxe3 19. Bxe3 Bxg2 20. Kxg2 Qxd4 21. Bxd4 Rfd8 22. Rad1 {½-½ (22) Vinchev,S (2502)-Kuiper,J (2490) ICCF email 2016}) 9... Nd5 {[%emt 0:00:08]} 10. Ne4 {[%emt 0:00:37]} Bf5 {[%emt 0:04:16]} 11. Nh4 $146 {[%emt 0:00:15]} ({Predecessor:} 11. Qe2 Qb6 12. Rd1 Na6 13. Nh4 Bd7 14. a4 Rad8 15. axb5 cxb5 16. Nc5 Bc8 {½-½ (36) Van Gool,H (2161)-Rendboe,J (2274) Maastricht 2010}) 11... Bxe4 {[%emt 0:02:10]} 12. Bxe4 {[%emt 0:00:09]} e6 {[%emt 0:00:03]} 13. Be3 {[%emt 0:01:42]} Nd7 {[%emt 0:00:30]} 14. a4 {[%emt 0:00:56]} a5 {[%emt 0:00:19]} (14... a6 $17 15. Qd2 Qe7) 15. Bxd5 {[%emt 0:01:01]} exd5 {[%emt 0:00:40]} 16. f4 {[%emt 0:00:28]} b4 {[%emt 0:03:02]} 17. f5 {[%emt 0:00:17]} Re8 {[%emt 0:05:51]} 18. Qf3 {[%emt 0:02:47]} ({Don't play} 18. fxg6 fxg6 19. Qf3 Qe7 $17) 18... Qe7 {[%emt 0:09:53]} 19. Rae1 {[%emt 0:02:12] [#]} Nxe5 $1 {[%emt 0:02:13]} 20. dxe5 {[%emt 0:00:27]} Bxe5 {[%emt 0:00:15]} 21. Ng2 {[%emt 0:00:57]} Bxb2 {[%emt 0:00:22]} 22. Kh1 {[%emt 0:00:43]} (22. Qf2 {was necessary.} Bh8 23. f6) 22... Qd7 {[%emt 0:00:14]} 23. f6 {[%emt 0:01:04]} Re6 {[%emt 0:00:02]} 24. Qg4 {[%emt 0:00:12]} Qd6 {[%emt 0:00:05]} 25. Bd4 {[%emt 0:02:24]} Bxd4 {[%emt 0:00:04]} 26. Qxd4 {[%emt 0:00:02]} Rae8 {[%emt 0:00:09]} 27. g4 {[%emt 0:00:34]} c5 {[%emt 0:00:07]} 28. Rxe6 {[%emt 0:00:21]} Rxe6 {[%emt 0:00:05]} 29. Qf2 {[%emt 0:00:04]} h6 {[%emt 0:00:05]} 30. Nf4 {[%emt 0:00:05]} Rxf6 {[%emt 0:00:09]} 31. Qe3 {[%emt 0:00:11]} g5 {[%emt 0:00:12]} 32. Qe8+ {[%emt 0:00:07]} Kh7 {[%emt 0:00:04]} 0-1

[Event "15th Deltalift Open 2018"]
[Site "Halmstad"]
[Date "2018.05.10"]
[Round "4"]
[White "Kucuksari, Kaan"]
[Black "Akesson, Ralf"]
[Result "1-0"]
[WhiteElo "2264"]
[BlackElo "2392"]
[Annotator "RC"]
[PlyCount "159"]
[EventDate "2018.??.??"]
[EventType "swiss"]
[EventCountry "SWE"]
[SourceTitle "playchess.com"]
[Source "ChessBase"]
[SourceQuality "1"]
[TimeControl "1800+12"]

1. d4 {[%emt 0:00:00]} Nf6 {[%emt 0:00:08]} 2. Nf3 {[%emt 0:00:00]} g6 {[%emt 0:00:33]} 3. c4 {[%emt 0:00:00]} Bg7 {[%emt 0:00:03]} 4. Nc3 {[%emt 0:00:00]} d5 {[%emt 0:00:02]} 5. cxd5 {[%emt 0:00:00]} Nxd5 {[%emt 0:00:02]} 6. g3 {[%emt 0:00:00]} O-O {[%emt 0:00:50]} 7. Bg2 {[%emt 0:00:00]} c5 {[%emt 0:00:31]} 8. O-O {[%emt 0:00:12]} Nxc3 {[%emt 0:01:35]} 9. bxc3 {[%emt 0:00:02]} Nc6 {[%emt 0:00:07]} 10. d5 {[%emt 0:00:16]} Na5 {[%emt 0:00:13]} 11. Bf4 {[%emt 0:00:12]} Bf5 {[%emt 0:01:22]} 12. Qa4 {[%emt 0:11:18]} Bd7 {[%emt 0:04:17]} 13. Qc2 {[%emt 0:00:27]} Nc4 {[%emt 0:00:54]} 14. Nd2 {[%emt 0:01:50]} Nxd2 {[%emt 0:00:55]} 15. Qxd2 {[%emt 0:02:57]} Qa5 {[%emt 0:00:36]} 16. Rfc1 {[%emt 0:01:13]} Rac8 {[%emt 0:02:35]} 17. d6 {[%emt 0:02:32]} e5 {[%emt 0:02:32]} 18. Bg5 {[%emt 0:00:22]} f6 {[%emt 0:00:18]} 19. Be3 {[%emt 0:02:40]} b6 {[%emt 0:00:15]} 20. Bb7 {[%emt 0:01:56]} Rcd8 {[%emt 0:00:22]} 21. Qd5+ {[%emt 0:00:14]} Kh8 {[%emt 0:00:29]} 22. a4 {[%emt 0:01:59]} Be8 {[%emt 0:01:12]} 23. c4 {[%emt 0:01:17]} Bf7 {[%emt 0:01:59]} 24. Qd1 {[%emt 0:02:00]} Qb4 {[%emt 0:01:21]} 25. Bd2 {[%emt 0:01:36]} Rxd6 {[%emt 0:00:22]} 26. Bxb4 {[%emt 0:00:36]} Rxd1+ {[%emt 0:00:02]} 27. Rxd1 {[%emt 0:00:15]} cxb4 {[%emt 0:00:02]} 28. Bd5 {[%emt 0:01:25]} Bxd5 {[%emt 0:01:44]} 29. cxd5 {[%emt 0:00:13]} Rd8 {[%emt 0:00:04]} 30. a5 {[%emt 0:00:07]} Bf8 {[%emt 0:00:10]} 31. axb6 {[%emt 0:00:01]} axb6 {[%emt 0:00:02]} 32. Ra6 {[%emt 0:00:18]} Bc5 {[%emt 0:00:04]} 33. e4 {[%emt 0:00:19]} Rd7 {[%emt 0:00:19]} 34. Ra8+ {[%emt 0:00:15]} Kg7 {[%emt 0:00:02]} 35. Kg2 {[%emt 0:00:08]} f5 {[%emt 0:00:09]} 36. exf5 {[%emt 0:00:16]} gxf5 {[%emt 0:00:03]} 37. Re8 {[%emt 0:00:08]} e4 {[%emt 0:00:48]} 38. g4 {[%emt 0:00:13]} fxg4 {[%emt 0:00:23]} 39. Rxe4 {[%emt 0:00:03]} h5 {[%emt 0:00:02]} 40. f3 {[%emt 0:00:13]} gxf3+ {[%emt 0:00:28]} 41. Kxf3 {[%emt 0:00:01]} Kf6 {[%emt 0:00:29]} 42. Re6+ {[%emt 0:00:29]} Kf5 {[%emt 0:00:06]} 43. Rh6 {[%emt 0:00:10]} Kg5 {[%emt 0:00:21]} 44. Re6 {[%emt 0:00:12]} Kf5 {[%emt 0:00:03]} 45. Rh6 {[%emt 0:00:02]} Kg5 {[%emt 0:00:02]} 46. Rc6 {[%emt 0:00:22]} Kf5 {[%emt 0:00:12]} 47. Rd3 {[%emt 0:00:15]} Rf7 {[%emt 0:00:31]} 48. Re6 Rd7 {[%emt 0:00:19]} 49. Re4 {[%emt 0:00:23]} Kf6 {[%emt 0:00:36]} 50. Re6+ {[%emt 0:00:12]} Kf5 {[%emt 0:00:01]} 51. Re4 {[%emt 0:00:00]} Kf6 {[%emt 0:00:02]} 52. Ke2 {[%emt 0:00:20]} Kf5 {[%emt 0:00:35]} 53. Re6 {[%emt 0:00:04]} Rxd5 {[%emt 0:00:53]} 54. Rxd5+ {[%emt 0:00:01]} Kxe6 {[%emt 0:00:02]} 55. Rxh5 {[%emt 0:00:01]} b3 {[%emt 0:00:55]} 56. Kd3 {[%emt 0:00:52]} b2 {[%emt 0:00:09]} 57. Kc2 {[%emt 0:00:01]} Bd4 {[%emt 0:00:02]} 58. Rb5 {[%emt 0:00:05]} Kd6 {[%emt 0:00:44]} 59. Kd3 {[%emt 0:00:07]} Kc6 {[%emt 0:00:16]} 60. Kc4 {[%emt 0:00:14]} Bf6 {[%emt 0:00:36]} 61. Rb3 {[%emt 0:00:17]} Bg7 {[%emt 0:01:49]} 62. Rb4 {[%emt 0:00:18]} Bf6 {[%emt 0:00:08]} 63. Rb5 {[%emt 0:00:01]} Be5 {[%emt 0:00:38]} 64. h3 {[%emt 0:00:15]} Bf6 {[%emt 0:00:10]} 65. Rb4 {[%emt 0:00:01]} Be5 {[%emt 0:00:12]} 66. Rb3 {[%emt 0:00:01]} Bf6 {[%emt 0:00:03]} 67. Rb5 {[%emt 0:00:01]} Be5 {[%emt 0:00:18]} 68. Rb4 {[%emt 0:00:05]} Bf6 {[%emt 0:00:02]} 69. Rb3 {[%emt 0:00:01]} Be5 {[%emt 0:00:04]} 70. h4 {[%emt 0:00:12]} Bf6 {[%emt 0:00:01]} 71. h5 {[%emt 0:00:01]} Bg7 {[%emt 0:00:05]} 72. Rb5 {[%emt 0:01:30]} Bh8 {[%emt 0:01:19]} 73. Rb3 {[%emt 0:00:09]} Bg7 {[%emt 0:00:02]} 74. Rb4 {[%emt 0:00:12]} Bh8 {[%emt 0:00:14]} 75. Kd3 {[%emt 0:00:12]} Kc5 {[%emt 0:00:25]} 76. Rb3 {[%emt 0:00:06]} Bd4 {[%emt 0:01:03]} 77. Kc2 {[%emt 0:00:22]} Bh8 {[%emt 0:02:17]} 78. h6 {[%emt 0:00:09]} Kd5 {[%emt 0:00:10]} 79. Rxb6 {[%emt 0:00:11]} Ke5 {[%emt 0:00:07]} 80. Rb8 {[%emt 0:00:07]} 1-0

[Event "15th Deltalift Open 2018"]
[Site "Halmstad"]
[Date "2018.05.10"]
[Round "4"]
[White "Haugli, Petter"]
[Black "Bit-Narva, David"]
[Result "1-0"]
[WhiteElo "2245"]
[BlackElo "1961"]
[Annotator "NA"]
[PlyCount "81"]
[EventDate "2018.??.??"]
[EventType "swiss"]
[EventCountry "SWE"]
[SourceTitle "playchess.com"]
[Source "ChessBase"]
[SourceQuality "1"]
[TimeControl "1800+12"]

1. c4 {[%emt 0:00:00]} e5 {[%emt 0:03:00]} 2. Nc3 {[%emt 0:00:14]} d6 {[%emt 0:00:02]} 3. Nf3 {[%emt 0:00:24]} f5 {[%emt 0:00:05]} 4. e4 Nf6 {[%emt 0:01:21] A21: English Opening: 1...e5 2 Nc3} (4... c5 5. d3 Nc6 6. g3 Nf6 7. Bg2 Be7 8. O-O O-O 9. exf5 Bxf5 10. Ng5 Qd7 11. Nd5 h6 12. Nxf6+ Bxf6 {½-½ (57) Meskovs,N (2476)-Ismagambetov,A (2542) Baku 2016}) 5. exf5 {[%emt 0:03:00]} Bxf5 {[%emt 0:00:05] LiveBook: 4 Games} 6. d4 {[%emt 0:00:09]} e4 {[%emt 0:03:35]} 7. Nh4 {[%emt 0:00:30]} Bg4 {[%emt 0:02:19]} 8. Be2 {[%emt 0:00:55]} Bxe2 {[%emt 0:02:03]} 9. Qxe2 {[%emt 0:00:05]} Be7 $146 {[%emt 0:00:32]} ({Predecessor:} 9... Qe7 10. Bg5 Nbd7 11. Nd5 Qe6 12. Nxc7+ {1-0 (12) Kaupert,V-Teixeira,J Brazil CXEB 1997}) 10. Nxe4 {[%emt 0:04:33]} O-O {[%emt 0:00:27]} 11. Nxf6+ {[%emt 0:00:11]} Bxf6 {[%emt 0:00:07]} 12. Nf3 {[%emt 0:00:01]} Re8 {[%emt 0:01:12]} 13. Be3 {[%emt 0:00:02]} c5 {[%emt 0:00:17]} 14. dxc5 {[%emt 0:04:27]} dxc5 {[%emt 0:00:02]} 15. O-O {[%emt 0:00:03]} Nc6 {[%emt 0:00:05]} 16. Rfd1 {[%emt 0:00:01]} Qb6 {[%emt 0:02:03]} 17. Qc2 {[%emt 0:01:17]} Rad8 {[%emt 0:00:56]} 18. Rab1 {[%emt 0:02:13]} Nd4 {[%emt 0:00:36]} 19. Bxd4 $1 {[%emt 0:00:09]} cxd4 {[%emt 0:00:03]} 20. b3 {[%emt 0:03:23]} Re7 {[%emt 0:02:03]} 21. Qd3 {[%emt 0:02:14]} Qb4 {[%emt 0:02:36]} 22. Re1 {[%emt 0:01:53]} Rxe1+ {[%emt 0:05:22]} 23. Rxe1 {[%emt 0:00:03]} Qc3 {[%emt 0:01:31]} 24. Rd1 {[%emt 0:00:47]} Qa5 {[%emt 0:03:37]} 25. Rd2 {[%emt 0:01:48]} Qa3 {[%emt 0:00:34]} 26. g3 {[%emt 0:00:52]} Re8 {[%emt 0:00:35]} (26... a6 $16 27. Qe4 Qb4) 27. Re2 {[%emt 0:01:09]} Qc1+ {[%emt 0:00:08]} 28. Kg2 {[%emt 0:00:02]} Rd8 {[%emt 0:00:05]} 29. Rc2 {[%emt 0:02:51]} Qb1 {[%emt 0:00:09]} 30. Rd2 {[%emt 0:00:02]} Qc1 {[%emt 0:00:06]} 31. Qe4 {[%emt 0:01:03]} Qc3 {[%emt 0:00:23]} 32. Qxb7 {[%emt 0:00:30]} d3 {[%emt 0:00:13]} 33. Qe4 {[%emt 0:00:13]} Kf8 {[%emt 0:00:20]} 34. c5 {[%emt 0:00:18]} (34. Qxh7 $142 Rd6 35. Qf5) 34... g5 $2 {[%emt 0:00:11]} (34... h6 35. b4 Kg8) 35. h3 {[%emt 0:00:15]} Qxc5 {[%emt 0:00:08]} 36. Rxd3 {[%emt 0:00:05]} Rxd3 {[%emt 0:00:05]} 37. Qxd3 {[%emt 0:00:02]} Qe7 {[%emt 0:00:17]} 38. Qd5 {[%emt 0:00:16]} Kg7 {[%emt 0:00:21]} 39. Nd2 {[%emt 0:00:10]} Qe2 {[%emt 0:00:07]} 40. Ne4 {[%emt 0:00:09]} Qb2 {[%emt 0:00:09]} 41. Qf5 $18 {[%emt 0:00:22]} (41. Nd6 $142 h6 42. Qf7+ Kh8 43. Nf5) 1-0

[Event "15th Deltalift Open 2018"]
[Site "Halmstad"]
[Date "2018.05.10"]
[Round "4"]
[White "Tuomainen, Felix"]
[Black "Torngren, Gustav"]
[Result "1-0"]
[WhiteElo "2211"]
[BlackElo "2023"]
[Annotator "NA"]
[PlyCount "125"]
[EventDate "2018.??.??"]
[EventType "swiss"]
[EventCountry "SWE"]
[SourceTitle "playchess.com"]
[Source "ChessBase"]
[SourceQuality "1"]
[TimeControl "1800+12"]

1. d4 {[%emt 0:00:00]} Nf6 {[%emt 0:00:01]} 2. c4 {[%emt 0:00:00]} e6 {[%emt 0:00:01]} 3. Nc3 {[%emt 0:00:00]} c5 {[%emt 0:00:02]} 4. d5 {[%emt 0:00:02]} exd5 {[%emt 0:00:01]} 5. cxd5 {[%emt 0:00:01]} d6 {[%emt 0:00:00]} 6. Nf3 {[%emt 0:00:04]} g6 {[%emt 0:00:02]} 7. Nd2 {[%emt 0:00:13]} Bg7 {[%emt 0:00:02]} 8. e4 {[%emt 0:00:03]} O-O {[%emt 0:00:03]} 9. Be2 {[%emt 0:00:03]} Na6 {[%emt 0:00:02]} 10. O-O {[%emt 0:00:06]} Nc7 {[%emt 0:00:01]} 11. a4 {[%emt 0:00:04]} Rb8 {[%emt 0:00:24]} 12. Nc4 {[%emt 0:00:11] A73: Modern Benoni: Classical: Unusual Black 9th moves} Re8 {[%emt 0:00:40]} 13. Qc2 {[%emt 0:00:17] [#]} b6 $146 {[%emt 0:00:16]} ({Predecessor:} 13... a6 14. Bf4 Bf8 15. Rad1 b5 16. Na5 Bd7 17. Nc6 Bxc6 18. dxc6 b4 19. e5 bxc3 20. exd6 Rxb2 21. dxc7 {1-0 (68) Lalev,D (2385)-Groszpeter,A (2505) Varna 1983}) 14. Bf4 {[%emt 0:00:10]} Bf8 {[%emt 0:00:03]} 15. Rab1 {[%emt 0:02:10]} Ba6 {[%emt 0:00:42]} 16. b4 $2 {[%emt 0:00:16] [#]} (16. f3 $14 {keeps the upper hand.}) 16... Bxc4 $2 {[%emt 0:00:02]} ({Better is} 16... cxb4 $1 $17 17. Rxb4 Nxe4 18. Nxe4 Nxd5) 17. Bxc4 {[%emt 0:00:04]} cxb4 {[%emt 0:01:41]} 18. Rxb4 {[%emt 0:00:03]} Rc8 {[%emt 0:00:04]} 19. Qd3 {[%emt 0:00:07]} Nd7 {[%emt 0:00:14]} 20. Rbb1 {[%emt 0:00:55]} Nc5 {[%emt 0:00:41]} 21. Qc2 {[%emt 0:00:21]} Bg7 {[%emt 0:00:40]} 22. f3 {[%emt 0:00:14]} Re7 {[%emt 0:04:40]} 23. Bg5 {[%emt 0:01:19]} f6 {[%emt 0:00:01]} 24. Be3 {[%emt 0:00:03]} Ne8 {[%emt 0:00:46]} 25. Bd4 {[%emt 0:00:53]} f5 {[%emt 0:01:40]} 26. Bxg7 {[%emt 0:00:09]} Nxg7 {[%emt 0:00:02]} 27. Rfe1 {[%emt 0:00:25]} fxe4 {[%emt 0:04:14]} 28. Nxe4 {[%emt 0:00:12]} Nxe4 {[%emt 0:00:22]} 29. Rxe4 {[%emt 0:00:03]} Rc5 {[%emt 0:03:39]} 30. Qe2 {[%emt 0:00:20]} Rec7 {[%emt 0:02:30]} 31. Bb5 {[%emt 0:00:56]} Rc1+ {[%emt 0:00:24]} 32. Rxc1 {[%emt 0:00:02]} Rxc1+ {[%emt 0:00:02]} 33. Kf2 {[%emt 0:00:06]} Qf6 {[%emt 0:01:54]} 34. Qd2 {[%emt 0:00:58]} Rb1 {[%emt 0:00:45]} 35. Be2 {[%emt 0:00:18]} Nf5 {[%emt 0:01:45]} (35... Rh1 $11 {remains equal.} 36. Qd4 Qg5) 36. g4 {[%emt 0:02:13]} Qh4+ {[%emt 0:02:05]} 37. Kg2 {[%emt 0:00:02]} Ng3 {[%emt 0:00:54]} 38. Re8+ {[%emt 0:01:02]} Kf7 {[%emt 0:00:06]} 39. Qe3 {[%emt 0:00:04]} Nxe2 {[%emt 0:00:42]} 40. Qe6+ {[%emt 0:00:46]} ({Worse is} 40. Qxe2 Rb2 $11) 40... Kg7 {[%emt 0:00:01]} 41. Re7+ {[%emt 0:00:25]} Kh6 {[%emt 0:00:51]} 42. Qe3+ $18 {[%emt 0:00:13]} Qg5 {[%emt 0:00:17]} 43. Rxh7+ {[%emt 0:00:06]} Kxh7 {[%emt 0:00:01]} 44. Qxg5 {[%emt 0:00:01]} Rb2 {[%emt 0:01:26]} 45. Qe7+ {[%emt 0:00:08]} Kg8 {[%emt 0:00:01]} 46. Qxd6 {[%emt 0:01:08]} Nc3+ {[%emt 0:00:29]} 47. Kh3 {[%emt 0:00:04]} Nxa4 {[%emt 0:00:01]} 48. Qd8+ {[%emt 0:00:07]} Kh7 {[%emt 0:00:12]} 49. Qd7+ {[%emt 0:00:01]} Kh6 {[%emt 0:00:00]} 50. Qxa4 {[%emt 0:00:10]} b5 {[%emt 0:00:10]} 51. Qf4+ {[%emt 0:00:06]} Kh7 {[%emt 0:00:01]} 52. Qc7+ {[%emt 0:00:05]} Kh6 {[%emt 0:00:04]} 53. Qc1+ {[%emt 0:00:02]} Kh7 {[%emt 0:00:08]} 54. Qxb2 {[%emt 0:00:03]} a5 {[%emt 0:00:01]} 55. Qxb5 {[%emt 0:00:01]} a4 {[%emt 0:00:01]} 56. Qxa4 {[%emt 0:00:02]} Kg7 {[%emt 0:00:06]} 57. g5 {[%emt 0:00:02]} Kf7 {[%emt 0:00:03]} 58. Qd7+ {[%emt 0:00:02]} Kf8 {[%emt 0:00:03]} 59. Kg3 {[%emt 0:00:01]} Kg8 {[%emt 0:00:02]} 60. Kf4 {[%emt 0:00:01]} Kf8 {[%emt 0:00:01]} 61. Ke5 {[%emt 0:00:01]} Kg8 {[%emt 0:00:01]} 62. Kf6 {[%emt 0:00:01]} Kf8 {[%emt 0:00:01]} 63. Qd8# {[%emt 0:00:02]} 1-0